000 00286nam a22001217a 4500
008 180918b xxu||||| |||| 00| 0 eng d
041 _aeng
080 _a321
100 _a27
101 _aPOL
245 _aDirt The Erosion Of Civilization
_cMontrgomery.D.R
942 _2udc
_cBK
999 _c47899
_d47899